000 00680nam a2200205 u 4500
005 20220906110154.0
008 090902s2005 r 000 0 eng d
020 _a9685199434
035 _aUPN01000172241
049 _aCG
050 4 _aPN4784 I6
_bQ8.8
100 1 _aQuemain, Miguel Angel
245 1 0 _aVoces cruzadas :
_bprocesos de creación en la literatura europea contemporánea /
_cMiguel Angel Quemain ; pról. Fernando Arrabal.
260 _aMéxico :
_bResistencia,
_c2005.
300 _a493 p.
_bil.
440 0 _aLiteraturas del mundo
650 2 _aEntrevistas en periodismo
_915114
650 0 _aLiteratura europea
_xHistoria y critica
_915115
905 _aLibro
999 _c144345
_d144345